[Event "Hessen-ch Seniors op 03rd"]
[Site "Bad Sooden-Allendorf"]
[Date "2007.05.05"]
[Round "8"]
[White "Brossette, Horst"]
[Black "Augustat, Siegfried"]
[Result "0-1"]
[WhiteElo "1614"]
[BlackElo "1754"]
[PlyCount "94"]
[EventDate "2007.04.27"]
[EventType "swiss"]
[EventRounds "9"]
[EventCountry "GER"]
[SourceTitle "EXT 2022"]
[Source "ChessBase"]
[SourceDate "2021.10.06"]
[SourceVersion "1"]
[SourceVersionDate "2021.10.06"]
[SourceQuality "1"]

1. d4 d5 2. c4 e6 3. Nf3 Nf6 4. Bg5 Nbd7 5. Nc3 c6 6. e3 Qa5 7. Bxf6 Nxf6 8. Qc2 Bb4 9. Nd2 0-0 10. a3 Bxc3 11. bxc3 Bd7 12. Bd3 Qc7 13. Nf3 h6 14. 0-0 dxc4 15. Bxc4 c5 16. Qe2 Rac8 17. Rfc1 Qa5 18. Nd2 cxd4 19. cxd4 Bc6 20. Nb3 Qg5 21. f3 Bd5 22. Bxd5 Nxd5 23. f4 Qe7 24. Nc5 b6 25. Nd3 Rxc1+ 26. Nxc1 Rc8 27. Nd3 Rc3 28. e4 Nf6 29. Nb4 Qc7 30. e5 Nd7 31. h3 Rxa3 32. Rxa3 Qc1+ 33. Kf2 Qxa3 34. Qb5 Qb2+ 35. Ke3 Nf8 36. Qa4 a5 37. Nc2 Qc3+ 38. Ke2 b5 39. Qa2 b4 40. Ne3 b3 41. Qb1 a4 42. d5 exd5 43. Nf5 Qc4+ 44. Ke3 a3 45. g4 Qc3+ 46. Qd3 Qxd3+ 47. Kxd3 a2 0-1

[Event "Hessen-ch Seniors op 03rd"]
[Site "Bad Sooden-Allendorf"]
[Date "2007.05.04"]
[Round "7"]
[White "Kolkwitz, Klaus"]
[Black "Brossette, Horst"]
[Result "1/2-1/2"]
[WhiteElo "1717"]
[BlackElo "1614"]
[PlyCount "31"]
[EventDate "2007.04.27"]
[EventType "swiss"]
[EventRounds "9"]
[EventCountry "GER"]
[SourceTitle "EXT 2022"]
[Source "ChessBase"]
[SourceDate "2021.10.06"]
[SourceVersion "1"]
[SourceVersionDate "2021.10.06"]
[SourceQuality "1"]

1. d4 Nf6 2. Nf3 g6 3. e3 Bg7 4. Bd3 0-0 5. 0-0 d6 6. Nbd2 Bg4 7. h3 Bxf3 8. Nxf3 Nbd7 9. c3 a6 10. e4 e5 11. dxe5 Nxe5 12. Nxe5 dxe5 13. Bg5 h6 14. Be3 Qe7 15. Qc2 Rad8 16. Rad1 1/2-1/2

[Event "Hessen-ch Seniors op 03rd"]
[Site "Bad Sooden-Allendorf"]
[Date "2007.05.03"]
[Round "6"]
[White "Brossette, Horst"]
[Black "Rollwitz, Juergen"]
[Result "1/2-1/2"]
[WhiteElo "1614"]
[BlackElo "1791"]
[PlyCount "30"]
[EventDate "2007.04.27"]
[EventType "swiss"]
[EventRounds "9"]
[EventCountry "GER"]
[SourceTitle "EXT 2022"]
[Source "ChessBase"]
[SourceDate "2021.10.06"]
[SourceVersion "1"]
[SourceVersionDate "2021.10.06"]
[SourceQuality "1"]

1. d4 d5 2. c4 e6 3. Nf3 Nf6 4. Bg5 Be7 5. Nc3 c6 6. e3 Nbd7 7. Bd3 h6 8. Bh4 0-0 9. 0-0 dxc4 10. Bxc4 Nd5 11. Bxe7 Qxe7 12. Rc1 N5b6 13. Bd3 e5 14. Bb1 f5 15. e4 f4 1/2-1/2

[Event "Hessen-ch Seniors"]
[Site "Marburg"]
[Date "2006.04.12"]
[Round "6.11"]
[White "Luebbers, Doris"]
[Black "Brossette, Horst"]
[Result "1/2-1/2"]
[WhiteElo "1674"]
[BlackElo "1774"]
[PlyCount "73"]
[EventDate "2006.04.08"]
[EventType "swiss"]
[EventRounds "9"]
[EventCountry "GER"]
[SourceTitle "EXT 2007"]
[Source "ChessBase"]
[SourceDate "2006.11.23"]
[SourceVersion "1"]
[SourceVersionDate "2006.11.23"]
[SourceQuality "1"]

1. d4 Nf6 2. c4 c5 3. e3 g6 4. Nf3 Bg7 5. Be2 0-0 6. 0-0 b6 7. Nbd2 Bb7 8. d5 b5 9. Qb3 Qc7 10. Qxb5 Nxd5 11. cxd5 Ba6 12. Qb3 Bxe2 13. Re1 Ba6 14. Nc4 d6 15. e4 Nd7 16. Rb1 Rab8 17. Qc2 Bxc4 18. Qxc4 Rb4 19. Qe2 Rfb8 20. b3 a5 21. Bd2 R4b5 22. Rec1 Qb7 23. Qe1 Ne5 24. Nxe5 Bxe5 25. Bxa5 Qa7 26. Bc3 Bxc3 27. Rxc3 c4 28. Rxc4 Qxa2 29. Rc3 Qa5 30. Qc1 Qa7 31. Qd1 Rb4 32. Re3 Qb6 33. Kf1 Qa6+ 34. Kg1 Qb6 35. g3 Rd4 36. Qe1 Rb4 37. Qd1 1/2-1/2

[Event "Hessen-ch Seniors"]
[Site "Marburg"]
[Date "2006.04.08"]
[Round "1.1"]
[White "Boehm, Siegfried"]
[Black "Brossette, Horst"]
[Result "1-0"]
[WhiteElo "2149"]
[BlackElo "1774"]
[PlyCount "129"]
[EventDate "2006.04.08"]
[EventType "swiss"]
[EventRounds "9"]
[EventCountry "GER"]
[SourceTitle "EXT 2007"]
[Source "ChessBase"]
[SourceDate "2006.11.23"]
[SourceVersion "1"]
[SourceVersionDate "2006.11.23"]
[SourceQuality "1"]

1. d4 Nf6 2. Nf3 g6 3. Nbd2 Bg7 4. e4 d6 5. Bd3 0-0 6. 0-0 Re8 7. h3 a6 8. Qe2 Bd7 9. Rd1 c6 10. Nf1 Qc7 11. a3 b5 12. Bf4 Nh5 13. Bd2 e5 14. dxe5 dxe5 15. c4 Be6 16. Ng5 Nf4 17. Bxf4 exf4 18. Nxe6 Rxe6 19. cxb5 axb5 20. Rac1 Qe5 21. Bb1 Na6 22. Ba2 Rd6 23. Rxd6 Qxd6 24. Rd1 Qe5 25. Rd7 Rf8 26. b4 Qb2 27. Qxb2 Bxb2 28. Ra7 Nb8 29. Nd2 Bd4 30. Rb7 Bb2 31. Nb1 Be5 32. Kf1 g5 33. Ke2 h5 34. Kd3 Rd8+ 35. Kc2 g4 36. Rxf7 Kh8 37. Rf5 f3 38. Rxh5+ Kg7 39. Rg5+ Kf6 40. Rxg4 fxg2 41. Rxg2 Rh8 42. Rg8 Rxh3 43. Rf8+ Ke7 44. Rf5 Nd7 45. Bb3 Bd4 46. f3 Be5 47. a4 Rh2+ 48. Nd2 Kd6 49. f4 Bd4 50. e5+ Kc7 51. Kd3 Ba1 52. Rf7 Kd8 53. e6 Nf6 54. a5 Rh3+ 55. Ke2 Rh2+ 56. Kd1 Bc3 57. Nf3 Rh1+ 58. Ke2 Rh8 59. a6 Rh1 60. a7 Ra1 61. Rf8+ Ne8 62. Rf7 Bxb4 63. Ne5 Nc7 64. Nxc6+ Ke8 65. Rxc7 1-0

[Event "GER-chA Seniors 16th"]
[Site "Templin"]
[Date "2004.09.12"]
[Round "9"]
[White "Brossette, Horst"]
[Black "Braeu, Ludwig"]
[Result "0-1"]
[WhiteElo "1663"]
[BlackElo "1849"]
[PlyCount "52"]
[EventDate "2004.09.04"]
[EventType "swiss"]
[EventRounds "9"]
[EventCountry "GER"]
[SourceTitle "EXT 2005"]
[Source "ChessBase"]
[SourceDate "2004.11.15"]
[SourceVersion "1"]
[SourceVersionDate "2004.11.15"]
[SourceQuality "1"]

1. d4 f5 2. g3 Nf6 3. Bg2 g6 4. Nf3 Bg7 5. 0-0 0-0 6. c4 d6 7. Nc3 Qe8 8. Re1 Qf7 9. d5 h6 10. Qc2 e5 11. dxe6 Bxe6 12. b3 Nc6 13. Bb2 Rae8 14. a3 g5 15. Rad1 Ne4 16. e3 Nxc3 17. Bxc3 Bxc3 18. Qxc3 f4 19. Rf1 g4 20. Nh4 f3 21. Kh1 fxg2+ 22. Nxg2 Ne5 23. Nf4 Bf5 24. Qd4 Nf3 25. Qxa7 Be4 26. Qa5 Ng5+ 0-1

[Event "GER-chA Seniors 16th"]
[Site "Templin"]
[Date "2004.09.11"]
[Round "8"]
[White "Kraemer, Franz Josef"]
[Black "Brossette, Horst"]
[Result "0-1"]
[WhiteElo "1757"]
[BlackElo "1663"]
[PlyCount "138"]
[EventDate "2004.09.04"]
[EventType "swiss"]
[EventRounds "9"]
[EventCountry "GER"]
[SourceTitle "EXT 2005"]
[Source "ChessBase"]
[SourceDate "2004.11.15"]
[SourceVersion "1"]
[SourceVersionDate "2004.11.15"]
[SourceQuality "1"]

1. e4 c5 2. Nf3 d6 3. Bd3 Nf6 4. c3 g6 5. 0-0 Bg7 6. Bc2 Nc6 7. d4 cxd4 8. Nxd4 0-0 9. Be3 a6 10. Nd2 Qc7 11. Rc1 b5 12. Bg5 Bb7 13. f3 Qb6 14. Be3 e5 15. Nf5 Qc7 16. Ng3 d5 17. Qe2 Rad8 18. Qf2 d4 19. cxd4 exd4 20. Bg5 h6 21. Bxf6 Bxf6 22. Bd3 Qf4 23. Rfe1 Nb4 24. Bb1 d3 25. Ngf1 Bd4 26. Ne3 Rc8 27. Ndf1 Rfd8 28. Rxc8 Rxc8 29. g3 Qe5 30. b3 Nc2 31. Bxc2 Rxc2 32. Nd2 Rxa2 33. Rd1 Qc5 34. Re1 Ra1 35. Ndf1 Ra3 36. Rb1 Qb4 37. Kg2 Rxb3 38. Rxb3 Qxb3 39. Qd2 Qb2 40. Nd1 Qxd2+ 41. Nxd2 Bc8 42. Nb3 Bb6 43. Kf1 Be6 44. Nd2 a5 45. Nb2 Bd4 46. Nxd3 Bc4 47. Ke2 a4 48. Nxc4 bxc4 49. Nc1 Kf8 50. Kd2 Ke7 51. Ne2 Bf6 52. f4 a3 53. Nc1 Bb2 54. Na2 Kd6 55. Ke3 Kc5 56. g4 Kb5 57. Kd2 Ka4 58. Kc2 Bd4 59. h4 h5 60. gxh5 gxh5 61. e5 Bf2 62. Nc3+ Kb4 63. f5 Bxh4 64. e6 fxe6 65. fxe6 Kc5 66. Na4+ Kd5 67. Nb6+ Kc5 68. Nc8 Kd4 69. Nb6 Be7 0-1

[Event "GER-chA Seniors 16th"]
[Site "Templin"]
[Date "2004.09.10"]
[Round "7"]
[White "Brossette, Horst"]
[Black "Neumeister, Herbert D"]
[Result "0-1"]
[WhiteElo "1663"]
[BlackElo "1814"]
[PlyCount "36"]
[EventDate "2004.09.04"]
[EventType "swiss"]
[EventRounds "9"]
[EventCountry "GER"]
[SourceTitle "EXT 2005"]
[Source "ChessBase"]
[SourceDate "2004.11.15"]
[SourceVersion "1"]
[SourceVersionDate "2004.11.15"]
[SourceQuality "1"]

1. d4 Nf6 2. Nf3 g6 3. c4 Bg7 4. Nc3 d6 5. e4 0-0 6. Be2 e5 7. h3 Nc6 8. d5 Ne7 9. Be3 Nd7 10. 0-0 f5 11. Ne1 Nf6 12. f3 f4 13. Bf2 g5 14. Kh2 Rf7 15. g4 fxg3+ 16. Bxg3 Qd7 17. Kg2 Qxh3+ 18. Kf2 Ng4+ 0-1

[Event "GER-chA Seniors 16th"]
[Site "Templin"]
[Date "2004.09.09"]
[Round "6"]
[White "Kuehn, Peter1111"]
[Black "Brossette, Horst"]
[Result "1-0"]
[WhiteElo "1874"]
[BlackElo "1663"]
[PlyCount "39"]
[EventDate "2004.09.04"]
[EventType "swiss"]
[EventRounds "9"]
[EventCountry "GER"]
[SourceTitle "EXT 2005"]
[Source "ChessBase"]
[SourceDate "2004.11.15"]
[SourceVersion "1"]
[SourceVersionDate "2004.11.15"]
[SourceQuality "1"]

1. e4 c5 2. Nf3 d6 3. d4 cxd4 4. Nxd4 Nf6 5. Nc3 a6 6. f3 Qc7 7. Be3 e5 8. Nb3 Be7 9. Qd2 Be6 10. 0-0-0 Nc6 11. g4 h6 12. h4 0-0-0 13. Nd5 Bxd5 14. exd5 Nb8 15. Kb1 Nfd7 16. Rh2 Nc5 17. Nxc5 dxc5 18. g5 Nd7 19. d6 Nb6 20. dxc7 1-0

[Event "GER-chA Seniors 16th"]
[Site "Templin"]
[Date "2004.09.04"]
[Round "1"]
[White "Frank, Werner"]
[Black "Brossette, Horst"]
[Result "1-0"]
[WhiteElo "1917"]
[BlackElo "1663"]
[PlyCount "61"]
[EventDate "2004.09.04"]
[EventType "swiss"]
[EventRounds "9"]
[EventCountry "GER"]
[SourceTitle "EXT 2005"]
[Source "ChessBase"]
[SourceDate "2004.11.15"]
[SourceVersion "1"]
[SourceVersionDate "2004.11.15"]
[SourceQuality "1"]

1. d4 d5 2. Nf3 Nf6 3. c4 e6 4. e3 Be7 5. Nbd2 Nbd7 6. Bd3 b6 7. Qc2 Bb7 8. b3 Rc8 9. Bb2 c5 10. Rc1 Qc7 11. 0-0 0-0 12. cxd5 exd5 13. Bf5 Rcd8 14. Ne5 g6 15. Bh3 Nxe5 16. dxe5 Ne4 17. Nxe4 dxe4 18. Qc3 Rd3 19. Qc4 Bd5 20. Qc2 Rd8 21. Bg4 Bb7 22. Bc3 h5 23. Be2 R3d7 24. Bc4 Qc6 25. Qe2 a6 26. a4 Kf8 27. f4 f6 28. f5 fxe5 29. fxg6+ Bf6 30. Bxe5 Rd2 31. Qxh5 1-0

[Event "Bad Sooden-Allendorf Seniors op 16th"]
[Site "Bad Sooden-Allendorf"]
[Date "2004.04.27"]
[Round "6"]
[White "Papenkordt, Karl Hermann"]
[Black "Brossette, Horst"]
[Result "1/2-1/2"]
[WhiteElo "2018"]
[BlackElo "1579"]
[PlyCount "135"]
[EventDate "2004.04.22"]
[EventType "swiss"]
[EventRounds "9"]
[EventCountry "GER"]
[SourceTitle "EXT 2006"]
[Source "ChessBase"]
[SourceDate "2005.11.24"]
[SourceVersion "1"]
[SourceVersionDate "2005.11.24"]
[SourceQuality "1"]

1. c4 Nf6 2. Nc3 e6 3. e4 d6 4. f4 Be7 5. e5 dxe5 6. fxe5 Nfd7 7. d4 c6 8. Qg4 g6 9. Bh6 f5 10. Qf4 b6 11. Nf3 Na6 12. Bg7 Rg8 13. Qh6 Bf8 14. Bxf8 Nxf8 15. h4 Qe7 16. a3 Bb7 17. Be2 0-0-0 18. 0-0-0 Nc7 19. Qf4 b5 20. cxb5 cxb5 21. Bxb5 Nd5 22. Nxd5 Bxd5 23. Kb1 Qb7 24. Rc1+ Kb8 25. Ba4 Nd7 26. Rc3 Nb6 27. Bb3 Rc8 28. Rhc1 Rxc3 29. Rxc3 Rc8 30. Rxc8+ Qxc8 31. Bxd5 Nxd5 32. Qc1 Qb7 33. Ng5 Qd7 34. Qc4 f4 35. Ne4 Nb6 36. Qc5 Nd5 37. Nd6 Ne3 38. Qb4+ Ka8 39. Qd2 Nd5 40. b4 Ne3 41. b5 Qc7 42. g3 Nc4 43. Nxc4 Qxc4 44. gxf4 Qxb5+ 45. Qb4 Qf1+ 46. Kc2 Qxf4 47. Qc5 Qe4+ 48. Kc3 Qf3+ 49. Kb4 Qb7+ 50. Kc4 Qa6+ 51. Kc3 Kb8 52. Qf8+ Qc8+ 53. Qxc8+ Kxc8 54. d5 exd5 55. Kd4 Kd7 56. Kxd5 Ke7 57. a4 h6 58. e6 g5 59. hxg5 hxg5 60. Ke5 g4 61. Kf4 Kxe6 62. Kxg4 Kd5 63. Kf3 a5 64. Ke2 Kc4 65. Kd2 Kb3 66. Kc1 Kxa4 67. Kb2 Kb4 68. Ka2 1/2-1/2

[Event "Bad Sooden-Allendorf Seniors op 16th"]
[Site "Bad Sooden-Allendorf"]
[Date "2004.04.25"]
[Round "4"]
[White "Burckhardt, Karl"]
[Black "Brossette, Horst"]
[Result "1-0"]
[WhiteElo "1797"]
[BlackElo "1579"]
[PlyCount "41"]
[EventDate "2004.04.22"]
[EventType "swiss"]
[EventRounds "9"]
[EventCountry "GER"]
[SourceTitle "EXT 2006"]
[Source "ChessBase"]
[SourceDate "2005.11.24"]
[SourceVersion "1"]
[SourceVersionDate "2005.11.24"]
[SourceQuality "1"]

1. e4 c5 2. c3 d6 3. d4 cxd4 4. cxd4 Nf6 5. Nc3 Qc7 6. Nf3 e6 7. Bd3 a6 8. 0-0 Be7 9. Re1 Nbd7 10. e5 dxe5 11. dxe5 Ng4 12. Bf4 b5 13. h3 Nh6 14. Rc1 Qb8 15. Qd2 Bb7 16. Ne4 Nf5 17. g4 Nh4 18. Nxh4 Bxh4 19. Nd6+ Kf8 20. Nxb7 Qxb7 21. Be4 1-0